| 000 | 00417nam a22001697a 4500 | ||
|---|---|---|---|
| 005 | 20180519105247.0 | ||
| 008 | 160624b xxu||||| |||| 00| 0 eng d | ||
| 020 | _a978-81-203-4213-2 | ||
| 041 | _aeng | ||
| 082 |
_b9489 _a519.2 |
||
| 100 |
_aJohnson, Richard A _92626 |
||
| 245 | _aProbability and Statistics for Engineering | ||
| 260 | _bPHI | ||
| 300 | _a502 | ||
| 650 |
_aDiploma Engineering _9817 |
||
| 942 | _cBK | ||
| 999 |
_c3751 _d3750 |
||